Obálka Náhled e-knihy:
PDF Epub
Pro půjčování e-knih musíte být přihlášeni.
Jak si půjčit online?

Šarlatové zmije : detektivní příběh z doby Karla IV. : třetí díl trilogie /

Historický detektivní příběh, ve kterém se již potřetí dostáváme do blízkosti samotného císaře Karla IV.

Uloženo v:
Série:Detektivní příběh z doby Karla IV., část 3
Hlavní autor: Kalenda, František, 1990- (Autor)
Médium: E-kniha
Jazyk:Czech
Vydáno: V Praze : Vyšehrad, 2019
Vydání:Vydání první
Témata:
Příbuzné jednotky:Z cyklu:: Detektivní příběh z doby Karla IV.
Tagy:
Žádné tagy
LEADER 02601nam a2200457 i 4500
001 314019
003 CZ PrSKC
005 20260703062715.0
007 ta
008 191104s2019 xr g 000 f cze
015 |a cnb003157420 
020 |a 9788076011922  |q (vázáno) :  |c Kč 269,00 
035 |a (OCoLC)1135596879 
040 |a ABG001  |b cze  |e rda 
072 7 |a 821.162.3-3  |x Česká próza  |2 Konspekt 
080 |a 821.162.3-31  |2 MRF 
080 |a (0:82-311.6)  |2 MRF 
080 |a (0:82-312.4)  |2 MRF 
100 1 |a Kalenda, František,  |d 1990-  |7 xx0134168  |4 aut 
245 1 0 |a Šarlatové zmije :  |b detektivní příběh z doby Karla IV. : třetí díl trilogie /  |c František Kalenda 
250 |a Vydání první 
264 1 |a V Praze :  |b Vyšehrad,  |c 2019 
300 |a 191 stran ;  |c 21 cm 
336 |a text  |b txt  |2 rdacontent 
337 |a bez média  |b n  |2 rdamedia 
338 |a svazek  |b nc  |2 rdacarrier 
520 2 |a Historický detektivní příběh, ve kterém se již potřetí dostáváme do blízkosti samotného císaře Karla IV.  |b Siegfried z Wölfelsdorfu, osobní lékař královny Anny Falcké, ač byl v minulosti nejednou císaři nápomocen, upadl nyní v nemilost. Důvodem je smrt ročního kralevice, ze které je neprávem obviněn. Po nelidském mučení a odsouzení na smrt dostává ještě šanci. Když najde skutečného viníka, bude volný. Spolu se svými pomocníky, pod dohledem mužů z okolí arcibiskupa Arnoštka z Pardubic, se pouští do vyšetřování. To jej nejen dovede až do dalekého Avignonu, ale i k podezření, že za vším stojí muži v šarlatovém rouchu. 
655 7 |a české romány  |7 fd133974  |2 czenas 
655 7 |a historické romány  |7 fd132414  |2 czenas 
655 7 |a detektivní romány  |7 fd132010  |2 czenas 
655 9 |a Czech fiction  |2 eczenas 
655 9 |a historical novels  |2 eczenas 
655 9 |a detective novels  |2 eczenas 
700 1 |i Navazuje na:  |a Kalenda, František,  |d 1990-  |t Zlomený král 
787 0 8 |i Z cyklu:  |t Detektivní příběh z doby Karla IV.  |g 3 
900 |a ABA001  |b 21 
928 9 |a Albatros Media - Vyšehrad 
044 |a xr 
910 |a RBIT002 
998 |d 202007  |a https://core.palmknihy.cz/api/books/202007/cover?thkjbu  |b https://core.palmknihy.cz/api/books/202007/cover/400?thkjbu  |c https://core.palmknihy.cz/api/books/202007/cover/50?thkjbu  |e 2034-12-31  |g 200  |i 9788076011922  |j https://core.palmknihy.cz/api/books/202007/preview.epub  |k https://core.palmknihy.cz/api/books/202007/preview.pdf  |l   |q 49  |r 1  |s https://www.palmknihy.cz/kniha/202007  |t ebook  |y 2019  |z 0  |v Detektivní příběh z doby Karla IV.  |w 3 
999 |d 314017